Paroles Macaroni Ninho - Statistiques

Statistiques générales
  • Ce quiz a été pris 742 fois
  • Le résultat moyen est 285 sur 489
Statistiques - réponses
paroles % Correct
320 | 429 E
98%
10 | 19 | 146 | +11 others le
98%
29 | 39 | 49 | +6 others a
97%
59 | 198 | 200 | +3 others à
97%
84 | 91 | 144 | +4 others de
95%
23 | 35 | 45 | +4 others je
95%
1 | 17 | 77 | +21 others la
93%
238 | 377 ma
92%
3 | 6 | 183 | +8 others c'est
90%
8 | 51 | 96 | +3 others et
90%
25 | 308 | 311 | +5 others des
89%
67 | 131 | 223 | +2 others comme
88%
36 | 46 me
87%
68 | 206 | 294 | 403 si
87%
69 j'étais
86%
295 | 321 | 404 | 430 j'etais
86%
141 | 153 | 161 | +7 others pas
85%
15 | 169 | 181 | 207 on
83%
22 | 54 | 61 | +5 others que
82%
7 | 28 | 253 | 262 abusé
79%
86 | 174 dans
79%
18 | 172 macarena
78%
12 | 166 | 209 | +3 others fait
77%
151 | 273 | 289 | 398 les
77%
220 | 338 | 457 en
76%
16 | 170 danse
74%
11 | 165 four
73%
31 | 41 | 381 | 487 ils
73%
101 | 103 | 219 | +5 others tout
73%
89 | 93 | 310 | 419 y'a
73%
13 | 167 du
72%
127 | 330 | 363 | +6 others j'ai
72%
52 | 150 | 272 tu
72%
292 | 401 zipette
72%
288 | 379 | 397 avec
71%
14 | 168 chiffre
71%
296 | 405 ronaldinho
71%
323 | 432 un
70%
9 | 163 quand
69%
298 | 407 terrain
69%
300 | 409 11
68%
290 | 399 ballons
68%
148 | 270 4
67%
324 | 433 peu
67%
20 daron
66%
304 | 413 midi
66%
38 | 48 mis
66%
301 | 348 heures
65%
2 | 246 | 255 rue
65%
37 | 47 suis
65%
33 | 43 tous
65%
302 | 411 30
64%
109 | 333 | 442 chez
64%
34 | 44 donc
64%
305 | 414 enculé
64%
27 études
64%
55 | 116 | 226 mon
64%
26 longues
63%
24 fasse
62%
58 | 197 ressemble
62%
60 rihanna
62%
309 | 418 clients
61%
40 | 50 dealer
61%
81 | 106 | 365 | +2 others meme
61%
307 | 416 raté
61%
21 voulait
61%
32 | 42 bédavaient
60%
56 bébé
59%
306 | 415 t'as
59%
4 | 248 | 257 epuisant
58%
30 l'ecole
58%
194 | 353 | 474 au
57%
287 | 396 j'dribble
57%
57 d'amour
56%
90 | 94 | 139 trop
56%
312 | 421 olives
54%
53 sais
54%
88 CR
53%
314 | 423 150
52%
70 l'aîné
52%
71 quatre
52%
159 | 160 | 283 | 284 bang
51%
66 | 244 famille
51%
175 ton
51%
319 | 428 280
50%
78 luna
50%
322 | 431 | 437 gentil
49%
63 dois
48%
332 | 441 | 448 | 453 pris
48%
334 | 443 eux
47%
325 | 434 maudit
47%
317 | 426 plaques
47%
72 anneaux
46%
196 | 383 | 387 elle
46%
79 jcrois
46%
64 m'occuper
46%
143 | 265 peine
46%
145 | 267 faire
45%
82 | 107 plus
45%
233 | 335 | 393 | 454 sur
45%
104 dit
44%
76 j'vois
44%
75 ouvrant
44%
99 | 186 qui
44%
249 | 258 rom
44%
74 toit
44%
152 | 274 as
43%
112 | 344 faut
43%
149 kil'
43%
271 kil
43%
157 | 281 mes
43%
328 | 450 méchant
42%
445 mechant
42%
158 | 282 mots
42%
138 ai
41%
73 audi
41%
65 d'ma
41%
279 grace
41%
359 | 366 | 467 guitare
40%
154 | 276 j'fais
39%
177 fais
38%
291 | 400 d'zipette
37%
147 | 269 gros
37%
326 | 435 | 444 | 449 j'suis
37%
135 | 136 sorry
37%
129 vie
37%
162 | 286 d'cinéma
36%
110 Gucci
36%
137 j'en
36%
140 dis
35%
111 petit
35%
85 trainer
35%
117 crédit
34%
100 garde
34%
83 l'age
34%
120 | 241 pour
34%
339 | 458 TN
34%
327 | 436 devenu
33%
329 | 438 moi
33%
368 | 469 tony
33%
337 | 456 bitume
32%
378 douche
32%
115 rachete
32%
341 | 462 bavure
31%
380 | 486 imagine
31%
374 lui
31%
372 mitraillette
31%
342 policière
31%
463 policiere
31%
250 | 251 | 259 | 260 pom
31%
98 zemel
31%
155 d'l'argent
30%
375 parano
30%
382 | 488 reviennent
30%
132 zack
30%
118 14
29%
105 j'claque
29%
119 | 124 points
29%
5 rompompom
29%
389 vomi
29%
340 | 461 bavette
28%
386 mélangé
28%
125 putain
28%
134 cody
27%
130 d'palace
27%
376 jprends
27%
122 rollie
27%
180 guedin
26%
123 70
24%
460 NI
24%
199 shakira
24%
201 Beyoncé
23%
126 d'bolide
23%
278 l'argent
23%
473 passe
23%
356 bruit
22%
185 police
22%
237 | 345 rentrer
22%
354 | 475 buteur
21%
176 hall
21%
92 noms
21%
215 fin
20%
360 leur
20%
213 musique
20%
362 peur
20%
187 enquête
19%
193 HLM
19%
392 droit
18%
470 iniesta
18%
211 trafic
18%
347 16
17%
391 l'index
17%
202 mais
17%
192 nos
17%
216 sera
17%
218 tragique
17%
217 surement
16%
343 bracelet
15%
395 palette
15%
204 | 236 vais
15%
224 biggie
14%
239 cherie
14%
222 j'arrive
14%
195 mic
14%
190 misère
14%
352 passes
14%
182 trafique
14%
221 Versace
14%
489 hein
13%
240 charbon
11%
173 bangbang
10%
230 boulot
10%
459 ouais
10%
228 finir
9%
108 d'oseille
8%
225 j'envoie
8%
242 nourrir
8%
476 | 478 | 480 100
7%
95 d'snitchs
7%
227 shooter
7%
410 heurs
4%
482 bisous
3%
477 | 479 | 481 visages
3%
156 jusqu'à
1%
205 t'oublier
1%
483 babinks
0%
485 folie
0%
349 inieta
0%
80 qu'j'iai
0%
Aucun quiz correspondant
Distribution des résultats
% des personnes avec chaque résultat
Percentile par nombre de réponses
Votre historique - résultats
Vous n’avez pas pris ce quiz